000 00676nam a2200253Ia 4500
003 OSt
005 20221007074250.0
006 a|||||r|||| 00| 0
007 ta
008 221006b |||||||| |||| 00| 0 eng d
024 _a21,830
037 _cTextual
040 _aFLL
_cFLL
_beng
041 _2eng
_aeng
082 _az2:801q, J1.1
100 _aChitaley V. V.
245 0 _aCode of civil procedure (v of 1908)
250 _a5th
260 _aNagpur
_bAll India Reporter Ltd. India
_c1951
300 _axxxii,1455p
_ccm.
700 _a Rao K. N.
942 _hz2:801q, J1.1
_cTEXL
_2CC
999 _c1151747
_d1151747